000 00488nam a2200193Ia 4500
005 20240508052519.0
008 240331s9999 xx 000 0 und d
020 _a9559621017
082 _bDEV
_a331.62
245 0 _aDevelopment issues across regions :
_bwomen, land and forestry
250 _a1 st
260 _aKandy
_bCorrensa
_c1997
300 _aviii, 308 p .,
650 _aWomen
650 _aGender
650 _aRights
700 _aWickramasinghe, Anoja
_eedt
942 _cL
999 _c3803
_d3803